MARC details
| 000 -LEADER |
| campo de control de longitud fija |
01754nas a2200505 i 4500 |
| 001 - NÚMERO DE CONTROL |
| campo de control |
196113 |
| 003 - IDENTIFICADOR DE NÚMERO DE CONTROL |
| campo de control |
SpMaBN |
| 005 - FECHA Y HORA DE LA ÚLTIMA TRANSACCIÓN |
| campo de control |
20250824012602.0 |
| 007 - CAMPO FIJO DE DESCRIPCIÓN FÍSICA--INFORMACIÓN GENERAL |
| campo de control de longitud fija |
ta |
| 008 - DATOS DE LONGITUD FIJA--INFORMACIÓN GENERAL |
| campo de control de longitud fija |
240813c20199999sp ar p 0 b0spa |
| 010 ## - NÚMERO DE CONTROL DE LA BIBLIOTECA DEL CONGRESO |
| Número de control de LC |
n |
| Número de control de NUCMC |
0 |
| 015 ## - NÚMERO DE BIBLIOGRAFÍA NACIONAL |
| Número de bibliografía nacional |
REV2103 |
| 017 ## - NÚMERO DE COPYRIGHT O DE DEPÓSITO LEGAL |
| Número de copyright o de depósito legal |
TO 415-2019 |
| Agencia que asigna |
Oficina Depósito Legal Toledo |
| 022 0# - NÚMERO INTERNACIONAL NORMALIZADO PARA PUBLICACIONES SERIADAS |
| Número Internacional Normalizado para Publicaciones Seriadas |
2990-3610 |
| Fuente |
_u |
| 035 ## - NÚMERO DE CONTROL DEL SISTEMA |
| Número de control de sistema |
(SpMaBN)a6910069 |
| 035 ## - NÚMERO DE CONTROL DEL SISTEMA |
| Número de control de sistema |
(OCoLC)1262503046 |
| 035 ## - NÚMERO DE CONTROL DEL SISTEMA |
| Número de control de sistema |
991035555099708606 |
| 037 ## - FUENTE DE ADQUISICIÓN |
| Fuente del número de adquisición |
Arroyada, 16, 45100; tf. 638819714; c.e.: redaccion@masescena.es, p. web: www.masescena.es |
| 040 ## - FUENTE DE CATALOGACIÓN |
| Centro catalogador/agencia de origen |
SpMaBN |
| Lengua de catalogación |
spa |
| Centro/agencia transcriptor |
SpMaBN |
| Normas de descripción |
rdc |
| Centro/agencia modificador |
ES-MaACL |
| 080 ## - NÚMERO DE LA CLASIFICACIÓN DECIMAL UNIVERSAL |
| Número de la Clasificación Decimal Universal |
792 |
| 080 ## - NÚMERO DE LA CLASIFICACIÓN DECIMAL UNIVERSAL |
| Número de la Clasificación Decimal Universal |
792.8 |
| 130 0# - ENTRADA PRINCIPAL--TÍTULO UNIFORME |
| Título uniforme |
Masescena (Sonseca) |
| 9 (RLIN) |
238321 |
| 222 #0 - TÍTULO CLAVE |
| Título clave |
Masescena |
| 245 10 - MENCIÓN DEL TÍTULO |
| Título |
Masescena : |
| Resto del título |
teatro, danza, circo : anuario |
| 246 3# - FORMA VARIANTE DEL TITULO |
| Título propio/Titulo breve |
Mas escena |
| 260 ## - PUBLICACIÓN, DISTRIBUCIÓN, ETC. |
| Lugar de publicación, distribución, etc. |
Sonseca, Toledo : |
| Nombre del editor, distribuidor, etc. |
Asociación Torre Tolanca, |
| Fecha de publicación, distribución, etc. |
D.L. 2019- |
| 300 ## - DESCRIPCIÓN FÍSICA |
| Extensión |
v. ; |
| Dimensiones |
30 cm |
| 310 ## - PERIODICIDAD ACTUAL |
| Periodicidad actual |
trimestral |
| Fecha de comienzo de la periodicidad actual |
jun. 2023-(2024)-2025- |
| 321 ## - PERIODICIDAD ANTERIOR |
| Periodicidad anterior |
Anual |
| Fechas de la periodicidad anterior |
2018-2021 |
| 336 ## - TIPO DE CONTENIDO |
| Término de tipo de contenido |
Texto (visual) |
| Fuente |
isbdcontent |
| 337 ## - TIPO DE MEDIO |
| Nombre/término del tipo de medio |
sin mediación |
| Fuente |
isbdmedia |
| 362 0# - FECHAS DE PUBLICACIÓN Y/O DESIGNACIÓN SECUENCIAL |
| Fecha de publicación y/o designación secuencial |
2018- |
| 588 ## - NOTA DE FUENTE DE LA DESCRIPCIÓN |
| Nota de fuente de la descripción |
Descripción basada en: n.1 (jun. 2023) |
| 594 ## - Nota al título y mención de responsabilidad |
| Nota al título y mención de responsabilidad |
Título tomado de la cubierta |
| 650 #7 - PUNTO DE ACCESO ADICIONAL DE MATERIA--TÉRMINO DE MATERIA |
| Término de materia o nombre geográfico como elemento de entrada |
Teatro |
| Fuente del encabezamiento o término |
embne |
| 9 (RLIN) |
17290 |
| 650 #7 - PUNTO DE ACCESO ADICIONAL DE MATERIA--TÉRMINO DE MATERIA |
| Término de materia o nombre geográfico como elemento de entrada |
Danza |
| 9 (RLIN) |
135869 |
| 655 #7 - TERMINO DE INDIZACIÓN--GENERO/FORMA |
| 9 (RLIN) |
226866 |
| Datos o término principal de género/forma |
Revistas |
| 710 2# - ENTRADA AGREGADA--NOMBRE DE ENTIDAD CORPORATIVA |
| Nombre de entidad corporativa o nombre de jurisdicción como elemento de entrada |
Asociación Torre Tolanca |
| 9 (RLIN) |
238322 |
| 776 08 - ENTRADA DE FORMULARIO FÍSICO ADICIONAL |
| Información de relación |
Versión en línea |
| Título |
Masescena (Internet) = |
| Número Internacional Normalizado para Publicaciones Seriadas |
ISSN 2990-3629 |
| biblionumber |
196115 |
| Número de control del registro |
196115 |
| 852 ## - LOCALIZACIÓN |
| Ubicación |
ES-MaACL |
| Ubicación en estantería |
Hemeroteca |
| Número de control de estantería |
HEM-1929 |
| Donativo/Legado
|
Donación: Editorial |
| Nota libre |
Revista viva, no se expurga |
| -- |
Casillero actual: Cº 32 |
| itemnumber |
203948 |
| 866 ## - MENCIÓN TEXTUAL DE FONDOS--UNIDAD BIBLIOGRÁFICA BÁSICA |
| Fondos |
2023-(2024)-2025- |
| 942 ## - ELEMENTOS DE ENTRADA SECUNDARIOS (KOHA) |
| Suprimir en OPAC |
No |
| Tipo de ítem Koha |
Revista |
| 955 ## - CATALOGADOR - EDICIÓN |
| Nombre de catalogador |
Pilar Fernández Vera |